skbl

Dr Suryya Kumar Bhuyan Library Web-OPAC
ডঃ সূৰ্য্য
কুমাৰ ভূঞা পুথিভঁৰাল ৱেব-অ'পেক

All Research Scholars are advised to clear the annual library fees to continue using Library Resources, Remote Access, Plagiarism Test and Library Clearance.

Cotton University Book Fair 2026

Policies for Agricultural Development (Record no. 57997)

MARC details
000 -LEADER
fixed length control field 00520nam a2200181Ia 4500
001 - CONTROL NUMBER
control field 58098
008 - FIXED-LENGTH DATA ELEMENTS--GENERAL INFORMATION
fixed length control field 141201n ii |||gr||||Z||||||465
020 ## - INTERNATIONAL STANDARD BOOK NUMBER
International Standard Book Number 3203/EL
082 ## - DEWEY DECIMAL CLASSIFICATION NUMBER
Classification number 631.2
100 ## - MAIN ENTRY--PERSONAL NAME
Personal name Vyas,
Relator term V.S.,
245 #0 - TITLE STATEMENT
Title Policies for Agricultural Development
Statement of responsibility, etc. Ed- V.S. Vyas& Pradeep Bhargava
Medium Textual Documents
260 ## - PUBLICATION, DISTRIBUTION, ETC.
Place of publication, distribution, etc. Rajasthan
Name of publisher, distributor, etc. Rawat Publications
300 ## - PHYSICAL DESCRIPTION
Extent 292p:
Dimensions 23cm.
653 ## - INDEX TERM--UNCONTROLLED
Uncontrolled term Policies-Agricultural Development
653 ## - INDEX TERM--UNCONTROLLED
Uncontrolled term G-Agriculture
700 ## - ADDED ENTRY--PERSONAL NAME
Personal name Bhargava,
Relator term Pradeep.
942 ## - ADDED ENTRY ELEMENTS (KOHA)
Source of classification or shelving scheme Dewey Decimal Classification
Koha item type Books
Holdings
Withdrawn status Lost status Damaged status Not for loan Collection Home library Current library Shelving location Date acquired Coded location qualifier Cost, normal purchase price Total checkouts Full call number Barcode Date last seen Copy number Price effective from Koha item type
          Dr. Suryya Kumar Bhuyan Library Dr. Suryya Kumar Bhuyan Library   01/12/2014 00000 495.00   631.2 Vy989Po 3203/EL 14/01/2024 1 01/12/2014 Books

Designed and Maintained by Team SKBL
©1901-2026

Powered by Koha